000 00755nam a22002657a 4500
005 20251108173350.0
008 250721s1996 xx 000 0 ara d
020 _a9775737699
082 1 4 _aط/216.2
100 1 _aحسن، أحمد محمد
245 1 0 _aقصص الشهادتين /
264 1 _aجدة :
_bأطفالنا،
_c1996.
300 _a5 ج. في 1 مج.
490 0 _aقصص أركان الإسلام
650 1 7 _aالحج
650 1 7 _aالصلوات
650 1 7 _aالشهادتان
650 1 7 _aالزكاة
650 1 7 _aالصوم
653 _aناشئون صغار (10-14 سنة)
700 1 _aنور، ياسر علي
700 1 _aعبد الفتاح، عاصم
_eCart.
942 _2ddc
_cBK
999 _c102199
_d102199